| 000 | 00531nam a22001337a 4500 | ||
|---|---|---|---|
| 008 | 230626b |||||||| |||| 00| 0 eng d | ||
| 040 |
_aNational Science Library _cNational Science Library |
||
| 080 |
_a338.36(540) _bQ3.1 |
||
| 245 |
_aबारहवीं पंचवर्षीय योजना (2012-2017): _bतीव्र, अधिक समावेशी तथा धारणीय विकास |
||
| 246 | _a | ||
| 260 |
_aNew Delhi: _bYojana Ayog Bharat Sarkar, _c2013 |
||
| 300 | _a330p. | ||
| 942 |
_2udc _cREF |
||
| 999 |
_c47400 _d47400 |
||